Willis’s elements of quantity surveying
Gespeichert in:
| 1. Verfasser: | |
|---|---|
| Format: | Buch |
| Sprache: | Englisch |
| Veröffentlicht: |
Wiley-Blackwell
2011
|
| Tags: |
Tag hinzufügen
Keine Tags, Fügen Sie den ersten Tag hinzu!
|
MARC
| LEADER | 00000nam a22000007a 4500 | ||
|---|---|---|---|
| 008 | 210122b ||||| |||| 00| 0 eng d | ||
| 020 | |a 978-1-4443-3500-2 | ||
| 100 | |a LEE, Sandra | ||
| 245 | |a Willis’s elements of quantity surveying | ||
| 250 | |b 11th ed |c Chichester | ||
| 260 | |b Wiley-Blackwell |c 2011 |h UK.: |i 691411 |i 691412 |l TH435 .L51 | ||
| 500 | |a “It includes index”. | ||
| 942 | |a lcc |c BK |e j o ifatola |f 22/1/2021 | ||
| 952 | |0 0 |1 0 |2 lcc |4 0 |6 TH0435 L51 |7 0 |9 1524 |a HOL |b HOL |c QZ |d 2021-01-22 |l 0 |o TH435 .L51 |p 2021-0319 |r 2021-01-22 00:00:00 |w 2021-01-22 |y BK | ||
| 952 | |0 0 |1 0 |2 lcc |4 0 |6 TH0435 L51 |7 0 |9 1525 |a HOL |b EDM |c QZ |d 2021-01-22 |l 0 |o TH435 .L51 |r 2021-01-22 00:00:00 |w 2021-01-22 |y BK | ||
| 999 | |c 802 |d 802 | ||